<The> Use of longitudinal data from the EU SILC in monitoring the employment strategy
Národná stratégia zamestnanosti. Pozdĺžne zložky v EU SILC. Vplyv demografických faktorov.
Na minha lista:
| Autor principal: | |
|---|---|
| Outros Autores: | , |
| Formato: | Capítulo de Livro |
| Idioma: | inglês |
| Assuntos: | |
| Tags: |
Sem tags, seja o primeiro a adicionar uma tag!
|
MARC
| LEADER | 00000naa$a2200000$$$4500 | ||
|---|---|---|---|
| 001 | 0213421 | ||
| 005 | 20240502083535.3 | ||
| 041 | 0 | |a eng | |
| 044 | |a CZ | ||
| 245 | 1 | 0 | |a <The> Use of longitudinal data from the EU SILC in monitoring the employment strategy |c Iveta Stankovičová, Ľudmila Ivančíková, Róbert Vlačuha |
| 520 | |a Národná stratégia zamestnanosti. Pozdĺžne zložky v EU SILC. Vplyv demografických faktorov. | ||
| 610 | 2 | 0 | |a politika zamestnanosti |
| 610 | 2 | 0 | |a údaje štatistické |
| 100 | 1 | |a Stankovičová, Iveta | |
| 700 | 1 | |a Ivančíková, Ľudmila | |
| 700 | 1 | |a Vlačuha, Róbert | |